000 01482nam a2200265Ia 4500
999 _c49594
_d49594
001 16526
003 GE_BSU
005 20241230153945.0
008 181216s1991||||ge |||||||||||||| ||geo||
040 _cGE_BSU
041 _ageo
080 _a514(075.3)+514(076.1) მ-15
245 _aმათემატიკა : გეომეტრია(თეორია და ამოცანათა კრებული) :
_bსახელმძღვ. უმაღლ. სასწ. მოსამზადებელი განყ. მსმენელებისა და აბიტურიენტებისათვის /
_cს. თოფურია, გ. აბესაძე, გ. ოზბეგაშვილი და სხვ. ; რედ. : ს. თოფურია.
250 _aმე-3 გადამუშავებული და შევსებული გამოცემა
264 _aთბილისი :
_bგანათლება,
_c1991.
300 _a559 გვ. ;
_c20 სმ.
541 _h6ლ.
653 _aგეომეტრია
653 _aმათემატიკა
700 _aთოფურია, ს.
_eავტორი
_924042
700 _aაბესაძე, გ.
_eავტორი
_91415
700 _aოზბეგაშვილი, გ.
_eავტორი
_91416
700 _aთოფურია, ს.
_eრედაქტორი
_924042
942 _cBK
_2udc